| 000 | 00360nam a22001457a 4500 | ||
|---|---|---|---|
| 003 | SGT | ||
| 020 | _a9781455738496 | ||
| 082 |
_a617.63 _bS12P |
||
| 100 | _a Ronald Attanasio | ||
| 245 | _aSleep Medicine and Dentistry | ||
| 260 |
_aLondon, United Kingdom _b Elsevier Health Sciences _c2012 |
||
| 300 | _a313-423 | ||
| 650 | _aORAL MEDICINE | ||
| 942 |
_2ddc _cBK |
||
| 999 |
_c18074 _d18074 |
||